00308nam a2200133Ia 45000030006000000080041000060400015000471000026000622450013000882500010001012600034001115460012001450050017001570STCL150530s9999 xx 000 0 und d aSTCLcSTCL aMacaulay; Young, G.M. aSpeeches aFirst bOxford University pressc1859 aEnglish20220125171140.0